Ecology and conservation of butterflies

Saved in:
Bibliographic Details
Corporate Author: The British Butterfly Society
Other Authors: Pullin, A. S. (Editor)
Format: Book
Language:English
Published: London : Chapman & Hall, c1995
Subjects:
Tags: Add Tag
No Tags, Be the first to tag this record!

MARC

LEADER 00000nam a2200000 i 4500
001 1/103764
008 000301s1995 eng d
020 |a 0-412-56970-1 
035 |l 10058596 
040 |a GR-MY-UA  |b gre  |e aacr 
041 0 |a eng 
082 0 |a 595.789 
245 1 0 |a Ecology and conservation of butterflies /  |c edited by Andrew S. Pullin in association with The British Butterfly Conservation Society 
260 |a London :   |b Chapman & Hall,   |c c1995 
300 |a 363 p.  |b fig. 
504 |a Includes bibliographical references and index 
650 0 0 |a Butterflies  |x Ecology. 
650 0 0 |a Butterflies. 
700 1 |a Pullin, A. S.  |4 edt 
710 2 |a The British Butterfly Society. 
852 |a INST  |b LESVOS  |e 20000301  |h 595.789 ECO  |p 005100023633  |q 005100023633  |t BK  |y 0 
901 |a BIBL1-2000-1 
909 |a Λ  |b 074176 
922 |a 1ΕΛΗ  |b 200001  |c ΚΠΣ/ΤΠ  |d GLORY 
950 |a 107-1999-12-22 
970 |a ΤΖΑΦΕΡΗ  |b ΕΥΑΓΓΕΛΙΑ  |z 2000/03/10